Statistics for Toronto Raptors 2010's Starters

Click here to take the quiz!

General Stats

  • This quiz has been taken 198 times
    (78 since last reset)
  • The average score is 11 of 21

Answer Stats

Player Starts % Correct
Kawhi Leonard1
100%
Kyle Lowry7
99%
DeMar DeRozan9
99%
Pascal Siakam2
97%
Jonas Valančiūnas6
91%
Serge Ibaka2
87%
Danny Green1
81%
OG Anunoby1
54%
Amir Johnson5
52%
Chris Bosh1
52%
James Johnson2
52%
José Calderón2
49%
Terrence Ross2
45%
Andrea Bargnani2
33%
DeMarreCarroll1
30%
Jarrett Jack1
28%
Rudy Gay1
16%
Luis Scola1
10%
Aaron Gray1
6%
Hedo Türkoğlu1
6%
Sonny Weems1
0%

Score Distribution

Percentile by Number Answered

Percent of People with Each Score

Your Score History

You have not taken this quiz since the last reset